MARC
| LEADER | 00000nam a22000003a 4500 | ||
|---|---|---|---|
| 001 | 0029386 | ||
| 003 | SK-STU | ||
| 005 | 20171222092522.0 | ||
| 007 | ta | ||
| 008 | 171222s ----xo-----e------000-0-----d | ||
| 020 | |a 80-86634-69-8 | ||
| 040 | |a STU |b slo | ||
| 041 | 0 | |a cze | |
| 044 | |a xr | ||
| 100 | 1 | |a Ošťádalová, Tereza |4 aut | |
| 245 | 1 | 0 | |a Zavedení tísňové linky 112 v České republice / |c aut. Tereza Ošťádalová |
| 250 | |a 1. vyd. | ||
| 260 | |a Ostrava |b SPBI |c 2005 | ||
| 300 | |a 76 s. | ||
| 490 | 0 | |a Spektrum |v 41. | |
| 650 | 0 | 7 | |a tiesňová linka |
| 996 | |b 284M087463 |c M* 14016-1 |l MMKN |s A |a 24 |w 0029386_0001 | ||